| 000 | 00471nam a2200169 a 4500 | ||
|---|---|---|---|
| 005 | 20210223120620.0 | ||
| 008 | 991125s1966 mx 000 0 spa u | ||
| 035 | _aUPN01000004296 | ||
| 049 | _aCG | ||
| 050 | 4 |
_aPQ7298.24 A9.2 _bA7 |
|
| 100 | 1 |
_aNavarrete, Raúl, _d1942-1981 _932228 |
|
| 245 | 1 | 0 |
_aAquí, allá, en esos lugares / _cpor Raúl Navarrete. |
| 260 |
_aMéxico : _bSiglo XXI, _c1966. |
||
| 300 | _a245 p. | ||
| 440 | 3 | _aLa creación literaria | |
| 905 | _aLibro | ||
| 999 |
_c4296 _d4296 |
||